00447pab a2200121 454500008004000000100002000040245014800060260000900208300001400217362000900231650004300240773004200283180718b1988 xxu||||| |||| 00| 0 eng d aBakvis, Herman. aRegional Ministers,national policies and the administrative state in Canada: the regional dimension in cabinet decision - making , 1980 - 1984. c1988 a539 - 67. aSep. aAdministrative Centralisation - Canada aCanadian Journal of Political Science